California High: The Great Marijuana Debate.

California High presents a balanced look at the intense controversy over the legalization of marijuana and its wide-ranging consequences. When California voters passed the first medical marijuana laws in 1996 it sparked a chain reaction that led to 18 other states enacting similar laws. Four...

Full description

Bibliographic Details
Corporate Author: Kanopy (Firm)
Format: Video
Language:English
Language Notes:In: English
Published: [San Francisco, California, USA] : Kanopy Streaming, 2016.
Subjects:
Online Access:Connect to this streaming video

MARC

Tag First Indicator Second Indicator Subfields
LEADER 00000cgm a2200000ua 4500
001 in00003776708
006 m o c
007 vz uzazuu
007 cr una---unuuu
008 160324p20162015cau052 o o vleng d
005 20260324164037.8
028 5 2 |a 1166997  |b Kanopy 
035 |a (OCoLC)945763082 
035 |a (CaSfKAN)kan1166997 
040 |a VDU  |b eng  |c VDU  |d UtOrBLW 
245 0 0 |a California High: The Great Marijuana Debate. 
264 1 |a [San Francisco, California, USA] :  |b Kanopy Streaming,  |c 2016. 
300 |a 1 online resource (1 video file, approximately 53 minutes) :  |b digital, .flv file, sound 
306 |a Playing time: 51 min. 
336 |a two-dimensional moving image  |b tdi  |2 rdacontent 
337 |a computer  |b c  |2 rdamedia 
338 |a online resource  |b cr  |2 rdacarrier 
347 |a data file  |2 rda 
500 |a In Process Record. 
500 |a Title from title frames. 
511 0 |a Features: Allen St. Pierre, Paul Chabot, Robert DuPont, Kevin Sabet, Valerie Corral, Christian Klump, Justin Hartfield, Stephen Odum, Itai Danovitch, Wayne Hanson, Paul Gallegos, Randy Taylor 
518 |a Originally produced by The Video Project in 2015. 
520 |a  California High presents a balanced look at the intense controversy over the legalization of marijuana and its wide-ranging consequences. When California voters passed the first medical marijuana laws in 1996 it sparked a chain reaction that led to 18 other states enacting similar laws. Four states have since legalized marijuana for recreational use. With a statewide vote expected on legalization in November 2016, California is now considered the key battleground in the national marijuana debate. The results of the vote in the largest state in the nation will likely have far-reaching implications for America, and possibly the world. California High journeys from the indoor grow rooms of Los Angeles to the remote mountains of Humboldt to present the perspectives of people on all sides of the debate - medical marijuana dispensaries, addiction specialists, lawyers, doctors, leaders of major advocacy groups, government officials, and ordinary Californians. The film begins by exploring how California's medical marijuana laws have been interpreted and have worked, including the wide variety of marijuana products - from breath mints to bagel bites - now available in thousands of state dispensaries. It also explores the disputes over the medical value of marijuana and the anticipated impact legalization will have on usage, as well as looking back at the history of marijuana laws and usage in the United States. As the film shows, this is a debate with no easy answers and even some surprises -- many of the people against the legalization of marijuana are those now growing and selling medicinal pot.  
538 |a Mode of access: World Wide Web. 
546 |a In: English 
500 |a Electronic resource. 
653 |a Documentaries 
653 |a Everyday Health 
653 |a Politics & International Affairs 
700 1 |a O' Conner, Matthew,  |e filmmaker. 
700 1 |a O'Connor, Barnaby,  |e filmmaker.  |0 http://id.loc.gov/authorities/names/n2015191610 
710 2 |a Kanopy (Firm)  |0 http://id.loc.gov/authorities/names/no2014091415 
856 4 0 |u http://proxy.library.tamu.edu/login?url=https://texasam.kanopystreaming.com/node/166998  |z Connect to this streaming video  |t 0 
999 f f |s ea7fdfb0-3cf2-390b-8dbd-40ec44f7f10e  |i 2df4e2bb-0dd3-3b03-acd0-fa0f93e93924  |t 0 
952 f f |a Texas A&M University  |b College Station  |c Electronic Resources  |s www_evans  |d Available Online  |t 0  |h No information provided 
998 f f |t 0  |l Available Online